000 00534nam a22002057a 4500
003 LK-CoMWRAF
005 20231120130828.0
008 231003b2004 |||||||| |||| 00| 0 eng d
020 _a8120311833
040 _aLK-CoMWRAF
_dLK-CoMWRAF
_eLK-CoMWRAF
041 _aeng
082 _a658.4092
_bMAC
100 _aMcgrath, E.H.
245 _aTraining for life and leadership in industry
250 _a4th ed.
260 _aNew-Delhi:
_bPrentice-Hall,
_c2004
300 _avi,432 p.
650 _aLEADERSHIP DEVELOPMENT
942 _cBK
999 _c3774
_d3774